Deutsche Rap-Crews/Duos - Statistiken

Allgemein
  • Dieses Quiz wurde 107 mal gespielt
    104 seit der letzten Aktualisierung
  • Das Durchschnittsergebnis liegt bei 8 aus 20
Antwortstatistiken
Mitglieder Name % Korrekt
Bonez McGzuz LX Maxwell Sa4 187 Straßenbande
93%
JujuNura SXTN
76%
TarekMaxim Nico (DJ Craft) K.I.Z
63%
FrauenarztManny Marc Die Atzen
59%
MichiThomas D And.Yspilon Smudo Die Fantastischen Vier
57%
AzetZuna Albi (Nash) (Miami Yacine) KMN Gang
55%
Longus MongusIon Miles Monk Big Pat (Dead Dawg) BHZ
52%
Basti DNPAlligatoah Sudden Timi Hendrix Trailerpark
49%
GustavZachi Paul Dani 01099
46%
TaddlArdy Marley DAT ADAM
40%
KkubaChapo Skoob Addikt Duke Stacks 102 Boyz
37%
Karuzo/KappaSikk Genetikk
33%
Eizi Eiz / Jan DelayDenyo DJ Mad Beginner
32%
ShneezinMike (Keule) 257ers
26%
Doktor RenzKönig Boris Björn Beton Fettes Brot
25%
KoljahPanik Panzer Danger Dan Antilopen Gang
19%
MaeckesBartek Tua Kaas Die Orsons
16%
MC KneipenkriegerShoki Double G Eisberg Don Juan Tiefbasskommando
15%
DispoEddy-T Lucky Modus Sechser (Beko) Teuterekordz
10%
grim104Testo Zugezogen Maskulin
7%
Keine übereinstimmenden Quizze gefunden
Verteilung der Resultate
Anzahl Personen mit jedem Resultat
Perzentil nach korrekt beantworteten Fragen
Ihre Resultats-Entwicklung
Sie haben dieses Quiz seit der letzten Aktualisierung nicht gespielt